Fr. Conceicao Rodrigues College of Engineering

Rubber handbook (Record no. 34097)

MARC details
000 -LEADER
fixed length control field 00284nam a2200133Ia 4500
082 ## - DEWEY DECIMAL CLASSIFICATION NUMBER
Classification number 678.4
100 ## - MAIN ENTRY--PERSONAL NAME
Personal name Babbit/ R.O. ed.
245 ## - TITLE STATEMENT
Title Rubber handbook
260 ## - PUBLICATION, DISTRIBUTION, ETC.
Name of publisher, distributor, etc. Vanderbilt co.
Place of publication, distribution, etc. Norwalk
Date of publication, distribution, etc. 1978
300 ## - PHYSICAL DESCRIPTION
Extent 871
546 ## - LANGUAGE NOTE
Language note ENGLISH
654 ## - SUBJECT ADDED ENTRY--FACETED TOPICAL TERMS
Focus term Rubber handbook
942 ## - ADDED ENTRY ELEMENTS (KOHA)
Koha item type Reference Book
Holdings
Withdrawn status Lost status Damaged status Not for loan Collection Home library Current library Shelving location Date acquired Source of acquisition Cost, normal purchase price Inventory number Total Checkouts Full call number Barcode Date last seen Cost, replacement price Price effective from Koha item type
        AFT Fr. Agnel's C.Rodrigues College of Engineering Fr. Agnel's C.Rodrigues College of Engineering   17/03/2023 UBS 382.50 T-932   678.4 AFT2498 17/03/2023 382.50 17/03/2023 Reference Book